000 01771nam a2200373 c 4500
003 BLK
005 20180422104630.0
008 180408b bul|||||r ||||||| ||bul||
010 _aKNG00095470000
020 _a978-954-426-799-5
_bиздат.: Анубис
040 _aBLK
041 _aBUL
_cBUL
080 _aИстория на Стария свят в основното училище
_b372.893.1
_x(076)(075.2)
_z372.893.1(076)(075.2)
100 1 _aКаснакова-Иванова, Цонка Илиева
_eпърви автор
_9364483
700 1 _aБелчев, Деян Белчев
_eсъавт.
_9304121
700 1 _aМихайлова, Красимира Иванова
_eсъавт.
_9370999
139 _aКаснакова-Иванова, Цонка Илиева и др.
_bК 45
245 1 0 _aЗанимателна история на Стария свят
_bПомагало по ист. и цивилизация за VІІ кл.
_cЦонка Илиева Каснакова-Иванова; съавт. Деян Белчев Белчев; съавт. Красимира Иванова Михайлова.
257 _aBGR
260 София
_bАнубис
_c2008
_fСофия : Вулкан
300 _a120 с.
_bс ил., табл.
_c24 см
380 _a3
650 4 _aИстория - учебници за основни училища
_9249546
653 _aистория на света
653 _aучебници за основни училища
653 _aVІІ кл.
653 _aсветовна история
653 _aучебни помагала
852 _aЦб 247723
856 4 _qpdf
_u
856 4 _qpdf
_u
942 _cKNG
_n0
944 _aCR
_c19.04.2010
_lф /
_kЛюдмила_Стоянова
944 _aED
_c21.12.2011
_lф /
_k
999 _c90722
_d90722